[Event "Tourn. n9883"]
[Site "www.echecsemail.com"]
[Date "2018.07.23"]
[Round "1"]
[White "Alekpax"]
[Black "Rons"]
[WhiteElo "2310"]
[BlackElo "2640"]
[Result "1/2-1/2"]
[Round "1"]
1.e4 c5
2.Ng1f3 d6
3.d4 cxd4
4.Nf3xd4 Ng8f6
5.Nb1c3 a6
6.Bc1g5 e6
7.f4 h6
8.Bg5h4 Qd8b6
9.a3 Bf8e7
10.Bh4f2 Qb6c7
11.g3 O-O
12.Bf1g2 Nb8c6
13.Nd4b3 b5
14.O-O Bc8b7
15.Qd1e2 Ra8b8
16.Ra1d1 Rf8e8
17.Rd1d3 Nf6d7
18.g4 b4
19.axb4 Nc6xb4
20.Rd3h3 e5
21.g5 exf4
22.gxh6 g5
23.Bf2d4 Be7f6
24.Qe2d2 Nd7e5
25.Nc3e2 Nb4c6
26.Ne2xf4 gxf4
27.Qd2xf4 Re8e6
28.Qf4g3 Kf8
29.h7 Bf6h8
30.Bd4xe5 Nc6xe5
31.Nb3d4 Qc7b6
32.Qg3g8 Ke7
33.Qg8xb8 Qb6xd4
34.Kh1 Bb7xe4
35.Rh3g3 { draw }
1/2-1/2

[Event "Tourn. n9888"]
[Site "www.echecsemail.com"]
[Date "2018.07.23"]
[Round "1"]
[White "Paulsyd"]
[Black "Alekpax"]
[WhiteElo "2590"]
[BlackElo "2360"]
[Result "1/2-1/2"]
[Round "1"]
1.e4 e5
2.Ng1f3 Nb8c6
3.Bf1c4 Ng8f6
4.d3 Bf8c5
5.c3 a5
6.O-O d6
7.Bc1g5 h6
8.Bg5h4 O-O
9.a4 Qd8e7
10.Nb1d2 Bc8e6
11.Rf1e1 Bc5a7
12.h3 g5
13.Bh4g3 Nf6h5
14.Bg3h2 Nh5g7
15.Bc4xe6 fxe6
16.Nd2c4 Qe7f7
17.Nc4e3 Ba7xe3
18.Re1xe3 Ng7h5
19.Ra1c1 Nh5f4
20.Bh2xf4 gxf4
21.Re3e1 Kh7
22.Kh2 Qf7d7
23.Re1g1 Rf8g8
{ draw }
1/2-1/2

[Event "Match"]
[Site "www.echecsemail.com"]
[Date "2018.07.23"]
[Round "1"]
[White "Pachi"]
[Black "Guillaumefi"]
[WhiteElo "1670"]
[BlackElo "1399"]
[Result "1/2-1/2"]
[Round "1"]
1.e4 c6
2.Ng1f3 d5
3.Bf1d3 Bc8g4
4.O-O dxe4
5.Bd3xe4 Ng8f6
6.d3 Nf6xe4
7.dxe4 Qd8xd1
8.Rf1xd1 Bg4xf3
9.gxf3 e6
10.a3 Nb8d7
11.Bc1f4 Bf8e7
12.b4 Nd7f6
13.Nb1c3 Ra8d8
14.Bf4c7 Rd8xd1
15.Ra1xd1 O-O
16.f4 Nf6e8
17.Bc7e5 Be7f6
18.b5 Bf6xe5
19.fxe5 cxb5
20.Nc3xb5 a6
21.Nb5c3 h6
22.Rd1d7 f6
23.exf6 Rf8xf6
24.Rd7xb7 Rf6f3
25.Nc3a4 Rf3xa3
26.Na4c5 Ne8d6
27.Rb7b6 Ra3c3
28.Nc5xe6 Nd6xe4
29.Rb6xa6 Ne4c5
30.Ra6a8 Kh7
31.Ra8c8 Nc5e4
32.Rc8f8 Rc3xc2
33.Rf8f7 Kh8
34.Ne6xg7 Kg8
35.Rf7a7 Rc2xf2
36.Ng7h5 Rf2f7
37.Ra7a4 Ne4f6
38.Nh5f4 Kh7
39.Kg2 Rf7g7
40.Kf3 h5
41.Ke3 h4
42.Nf4e6 Rg7g4
43.Ra4a7 Kh6
44.Kf3 Rg4e4
45.Ra7a6 Re4g4
46.Ne6f8 Kg5
47.Nf8e6 Kh5
48.Ne6f4 Kg5
49.Nf4e6 Kh5
{ draw }
1/2-1/2

[Event "Match"]
[Site "www.echecsemail.com"]
[Date "2018.07.23"]
[Round "1"]
[White "Ff333"]
[Black "Grischuk2789"]
[WhiteElo "2180"]
[BlackElo "1809"]
[Result "0-1"]
[Round "1"]
1.e4 c5
2.Bf1c4 e6
3.Ng1f3 d5
4.exd5 exd5
5.Qd1e2 Bf8e7
6.Bc4b5 Nb8c6
7.Nf3e5 Qd8c7
8.O-O Ng8f6
9.Rf1e1 Bc8e6
10.h3 O-O
11.Ne5xc6 bxc6
12.Bb5a4 Rf8e8
13.Qe2a6 Be6d7
14.Qa6d3 Qc7f4
15.Nb1c3 Be7d6
16.Re1xe8 Ra8xe8
17.g3 Re8e1
18.Kg2 Bd7xh3
19.Kxh3 Qf4h6
{ resign }
0-1

[Event "1/128 Finale"]
[Site "www.chess-mail.com"]
[Date "2018.07.23"]
[Round "1"]
[White "Bojan"]
[Black "Ladyuzbetova"]
[WhiteElo "2030"]
[BlackElo "1299"]
[Result "0-1"]
[Round "1"]
1.e4 b6
2.d4 Bc8b7
3.f3 e6
4.c4 e5
5.d5 a5
6.Bc1e3 Nb8a6
7.a3 Bf8c5
8.Qd1d3 Ng8f6
9.Nb1d2 O-O
10.Be3g5 h6
11.Bg5h4 Bc5d4
12.Ra1b1 Na6c5
13.Qd3c2 a4
14.Ng1h3 c6
15.Bf1e2 Rf8e8
16.g4 b5
17.dxc6 Bb7xc6
18.g5 hxg5
19.Bh4xg5 bxc4
20.Be2xc4 Ra8c8
21.b4 axb3
22.Nd2xb3 d5
23.Nb3xc5 dxc4
24.Rb1d1 Qd8a5
25.Kf1 Nf6h5
26.Rd1xd4 exd4
27.Bg5d2 Qa5xc5
28.Bd2b4 Qc5b5
29.Kf2 Bc6d7
30.Nh3g1 Nh5f4
31.Qc2d2 Nf4d3
32.Kg3 c3
33.Qd2c2 Qb5g5
{ resign }
0-1

[Event "Fast Game"]
[Site "www.echecsemail.com"]
[Date "2018.07.23"]
[Round "1"]
[White "Ladyuzbetova"]
[Black "Daniel13"]
[WhiteElo "1599"]
[BlackElo "1599"]
[Result "1-0"]
[Round "1"]
1.Ng1f3 d5
2.d3 c5
3.e4 dxe4
4.dxe4 Qd8xd1
5.Kxd1 Bc8g4
6.Bc1e3 Bg4xf3
7.gxf3 e6
8.Bf1b5 Nb8d7
9.Nb1d2 O-O-O
10.c3 a6
11.Bb5xd7 Rd8xd7
{ time. }
1-0

[Event "Fast Game"]
[Site "www.echecsemail.com"]
[Date "2018.07.23"]
[Round "1"]
[White "Apdash"]
[Black "Alekpax"]
[WhiteElo "1940"]
[BlackElo "2189"]
[Result "0-1"]
[Round "1"]
1.e4 e5
2.Ng1f3 Nb8c6
3.Bf1c4 Bf8e7
4.Nb1c3 Ng8f6
5.O-O d6
6.d4 Bc8g4
7.dxe5 dxe5
8.Qd1xd8 Ra8xd8
9.Nf3g5 O-O
10.h3 Bg4h5
11.g4 Bh5g6
12.f4 exf4
13.Bc1xf4 h6
14.e5 hxg5
15.exf6 Be7c5
16.Kg2 gxf4
17.fxg7 Rd8d2
18.Kf3 Kxg7
19.Kxf4 Bc5d6
20.Ke3 Rd2xc2
21.h4 Rf8e8
{ resign }
0-1

[Event "Tourn. n9850"]
[Site "www.echecsemail.com"]
[Date "2018.07.24"]
[Round "1"]
[White "Aperturaf"]
[Black "Darko10"]
[WhiteElo "2750"]
[BlackElo "2870"]
[Result "1/2-1/2"]
[Round "1"]
1.e4 e5
2.Ng1f3 Nb8c6
3.Bf1b5 Ng8f6
4.O-O Nf6xe4
5.d4 Ne4d6
6.Bb5xc6 dxc6
7.dxe5 Nd6f5
8.Qd1xd8 Kxd8
9.Nb1c3 Ke8
10.h3 Bc8e6
11.g4 Nf5e7
12.Nf3d4 Be6d7
13.f4 h5
14.f5 hxg4
15.hxg4 Rh8h4
16.Rf1f4 c5
17.Nd4f3 Rh4h8
18.Bc1e3 Bd7c6
19.Ra1e1 b6
20.Kg2 g6
21.f6 Ne7d5
22.Nc3xd5 Bc6xd5
23.Kg3 Bf8h6
24.g5 Bh6f8
25.c4 Bd5e6
26.Re1c1 Rh8h3
27.Kf2 Ra8b8
28.b3 a5
29.Rf4h4 a4
30.Rh4xh3 Be6xh3
31.Nf3d2 Bh3f5
32.Kf3 Bf5d7
33.Nd2b1 axb3
34.axb3 Bd7c6
35.Kg3 b5
{ draw }
1/2-1/2

[Event "Tourn. n9866"]
[Site "www.echecsemail.com"]
[Date "2018.07.24"]
[Round "1"]
[White "Cathar"]
[Black "Drawlward"]
[WhiteElo "2370"]
[BlackElo "2670"]
[Result "0-1"]
[Round "1"]
1.c4 g6
2.Nb1c3 Bf8g7
3.g3 Ng8f6
4.Bf1g2 O-O
5.d3 d6
6.Ng1f3 e5
7.O-O Nb8c6
8.Ra1b1 a5
9.Bc1g5 h6
10.Bg5xf6 Bg7xf6
11.a3 Bf6g7
12.b4 axb4
13.axb4 Nc6e7
14.Qd1c2 Bc8e6
15.Nf3d2 c6
16.b5 Qd8d7
17.bxc6 bxc6
18.Rb1b6 Rf8b8
19.Rb6xb8 Ra8xb8
20.Qc2a4 e4
21.Rf1c1 exd3
22.exd3 Rb8b2
23.Nd2f1 Qd7b7
24.Rc1c2 Qb7b3
25.Rc2xb2 Qb3xb2
26.Nc3e4 Bg7d4
27.Nf1e3 Bd4xe3
28.fxe3 Qb2c1
29.Kf2 Ne7f5
30.Qa4xc6 Qc1xe3
31.Kf1 Qe3xd3
32.Kg1 Qd3d4
33.Ne4f2 Qd4a1
34.Bg2f1 Nf5e3
{ resign }
0-1

[Event "Tourn. n9885"]
[Site "www.echecsemail.com"]
[Date "2018.07.24"]
[Round "1"]
[White "Cirovicz"]
[Black "Grischuk2789"]
[WhiteElo "2140"]
[BlackElo "2119"]
[Result "0-1"]
[Round "1"]
1.e4 e5
2.Ng1f3 Nb8c6
3.Bf1b5 Ng8f6
4.d4 Nc6xd4
5.Nf3xd4 c6
6.Nd4xc6 bxc6
7.Bb5d3 d5
8.exd5 cxd5
9.Bc1g5 Ra8b8
10.Qd1e2 Bf8b4
11.c3 Bb4d6
12.Bd3b5 Kf8
13.O-O Qd8c7
14.Bg5xf6 gxf6
15.b4 e4
16.g3 h5
17.Bb5a4 h4
18.Nb1d2 hxg3
19.fxg3 Bd6xg3
20.hxg3 Qc7xg3
21.Qe2g2 Qg3e3
22.Rf1f2 Rh8g8
23.Qg2xg8 Kxg8
24.Nd2f1 Qe3xc3
25.Ra1d1 Bc8h3
26.Rd1xd5 Bh3xf1
27.Rf2xf1 Rb8xb4
28.Ba4d7 Qc3g3
29.Kh1 Rb4b2
30.Rf1g1 Rb2h2

0-1

[Event "Tourn. n9832"]
[Site "www.echecsemail.com"]
[Date "2018.07.24"]
[Round "1"]
[White "Malbertan"]
[Black "Hundegana"]
[WhiteElo "2040"]
[BlackElo "2060"]
[Result "1-0"]
[Round "1"]
1.e4 c5
2.Ng1f3 Nb8c6
3.d4 e6
4.d5 exd5
5.exd5 Qd8e7
6.Bf1e2 Nc6e5
7.O-O d6
8.Rf1e1 g6
9.Be2b5 Bc8d7
10.Qd1e2 Bf8g7
11.Nf3xe5 Qe7xe5
12.Qe2d2 Bd7xb5
13.Re1xe5 Bg7xe5
14.Nb1c3 Bb5d7
15.Qd2e2 O-O-O
16.Nc3e4 Rd8e8
17.Qe2c4 f5
18.Ne4g5 b5
19.Qc4d3 Re8e7
20.Ng5e6 Bd7xe6
21.dxe6 Re7xe6
22.Qd3xb5 Ng8e7
23.Bc1g5 Ne7g8
24.Qb5c6 Kb8
25.a4 h6
26.Bg5e3 Rh8h7
27.Ra1a3 Rh7b7
28.Be3xc5 Ng8e7
29.Qc6e8 Kc7
30.Bc5e3 g5
31.f4 gxf4
32.Be3xf4 Be5d4
33.Kf1 Rb7xb2
34.Bf4xd6 Kxd6
35.Qe8d8 Ke5
36.Ra3d3 Rb2b1
37.Ke2 Kf4
38.Kd2 Bd4e3
39.Rd3xe3 Re6xe3
40.Qd8d6 Re3e5
41.g3 Kg5
42.Qd6xe5 Ne7g6
43.Qe5e3 Kh5
44.Qe3xa7 Rb1h1
45.Qa7f2 Kg5
46.h4 Kf6
47.a5 Ng6e7
48.a6 Kg6
49.a7 Rh1a1
50.h5 Kh7
51.Qf2c5 Ne7c6
52.a8Q Ra1xa8
53.Qc5xc6 Ra8g8
54.Qc6d7 Kh8
55.Qd7xf5 Rg8xg3
56.Qf5e5 Rg3g7
57.Qe5xg7 Kxg7
58.Ke3 Kf6
59.Kf4 Ke6
60.c4 Kf6
61.c5 Ke6
62.c6 Kd6
63.Kf5 Kxc6
64.Kg6 Kd7
65.Kxh6 Ke7
66.Kg7 Ke6
67.h6 Kf5
68.h7 Kg5
69.h8Q Kf5
70.Qh8h6 Kg4
71.Kf6 Kg3
72.Kf5 Kg2
73.Kf4 Kg1
74.Kf3 Kf1
75.Qh6h1 { resign }
1-0

[Event "Match"]
[Site "www.echecsemail.com"]
[Date "2018.07.24"]
[Round "1"]
[White "Cvilhena1976"]
[Black "Cal"]
[WhiteElo "1499"]
[BlackElo "1740"]
[Result "1-0"]
[Round "1"]
1.e4 e5
2.Ng1f3 d6
3.Bf1c4 h6
4.Nb1c3 Ng8f6
5.O-O c6
6.d4 exd4
7.Nf3xd4 Bf8e7
8.Bc1e3 Bc8e6
9.Bc4xe6 c5
10.Be6d5 cxd4
11.Bd5xb7 Nb8d7
12.Qd1xd4 Ra8b8
13.Qd4xa7 O-O
14.Rf1b1 Qd8c7
15.Bb7d5 Qc7d8
16.Bd5c6 Nf6e8
17.Qa7xd7 Ne8f6
18.Qd7xd8 Rb8xd8
19.Nc3d5 Nf6xe4
20.Nd5xe7 Kh8
21.Bc6xe4 Rd8d7
22.Ne7d5 f5
23.Be4d3 h5
24.Rb1e1 g6
25.Be3d4 Kh7
26.Nd5f6 Rf8xf6
27.Bd4xf6 d5
28.Re1e8 Kh6
29.Ra1e1 h4
30.Re8h8 Rd7h7
31.Rh8xh7 Kxh7
32.Re1e8 g5
33.Bd3xf5 Kh6
34.Re8h8 
1-0

[Event "Match"]
[Site "www.echecsemail.com"]
[Date "2018.07.24"]
[Round "1"]
[White "Joseph1983"]
[Black "Alekpax"]
[WhiteElo "2300"]
[BlackElo "2390"]
[Result "0-1"]
[Round "1"]
1.Ng1f3 d5
2.e3 e6
3.c4 Ng8f6
4.b3 c5
5.d4 cxd4
6.Nf3xd4 e5
7.Nd4f3 d4
8.exd4 e4
9.Nf3e5 Bf8b4
10.Bc1d2 Qd8xd4
11.Bd2xb4 Qd4xa1
12.Qd1d6 Qa1xb1
13.Ke2 Qb1xa2
14.Ke1 Qa2b1
15.Kd2 e3
16.Kxe3 Nf6g4
17.Ne5xg4 Nb8c6
18.Bf1d3 Qb1xh1
19.Ng4f6 gxf6
20.Qd6xf6 Rh8g8
{ resign }
0-1

[Event "Tourn. n9862"]
[Site "www.echecsemail.com"]
[Date "2018.07.24"]
[Round "1"]
[White "Cathar"]
[Black "Piekki"]
[WhiteElo "2340"]
[BlackElo "2280"]
[Result "1-0"]
[Round "1"]
1.c4 e5
2.g3 d5
3.cxd5 Qd8xd5
4.Ng1f3 Bc8g4
5.Nb1c3 Qd5a5
6.Bf1g2 Nb8c6
7.O-O O-O-O
8.d3 Ng8f6
9.Bc1d2 Kb8
10.a3 Nc6d4
11.b4 Qa5b6
12.Nf3xd4 exd4
13.Nc3a4 Qb6e6
14.Rf1e1 Bg4h3
15.Bg2h1 Nf6g4
16.Na4c5 Qe6f5
17.f3 Ng4e3
18.Bd2xe3 dxe3
19.Qd1c2 Bf8xc5
20.Qc2xc5 Qf5xc5
21.bxc5 g5
22.Ra1b1 f5
23.f4 b6
24.cxb6 cxb6
25.fxg5 Rh8g8
26.Rb1b4 Bh3g4
27.Bh1f3 Bg4xf3
28.exf3 Rd8xd3
29.a4 Rg8e8
30.g4 fxg4
31.Rb4xg4 e2
32.f4 Rd3f3
33.h4 Re8e3
34.Kg2 { resign }
1-0

[Event "Tourn. n9830"]
[Site "www.echecsemail.com"]
[Date "2018.07.24"]
[Round "1"]
[White "Falcoale"]
[Black "Tonino1"]
[WhiteElo "2030"]
[BlackElo "2150"]
[Result "0-1"]
[Round "1"]
1.e4 d6
2.d4 Ng8f6
3.Nb1c3 c6
4.Ng1f3 Qd8c7
5.Bc1f4 g6
6.Qd1d2 Bf8g7
7.e5 Nf6h5
8.exd6 exd6
9.O-O-O Nh5xf4
10.Qd2xf4 O-O
11.Kb1 a5
12.Nc3e4 Rf8d8
13.c3 b6
14.h4 Bc8e6
15.Ne4g5 Nb8d7
16.Ng5xe6 fxe6
17.Nf3g5 Nd7f8
18.Bf1d3 e5
19.dxe5 Bg7xe5
20.Qf4g4 Rd8e8
21.h5 Qc7e7
22.hxg6 hxg6
23.Ng5f3 Qe7g7
24.Nf3xe5 Re8xe5
25.Rh1h3 Ra8e8
26.Rd1h1 Re5e1
27.Kc2 Re1xh1
28.Rh3xh1 Qg7f6
29.Qg4g3 Re8e7
30.Rh1h6 Re7h7
31.Rh6xh7 Kxh7
32.f4 Nf8e6
33.Qg3h3 Kg7
34.g3 Ne6c5
35.Qh3g4 Nc5xd3
36.Kxd3 Qf6f5
37.Qg4xf5 gxf5
38.Ke3 Kh6
39.Kf3 Kh5
40.b3 d5
41.a3 c5
42.b4 d4
43.bxa5 bxa5
44.cxd4 cxd4
45.a4 d3
46.Ke3 d2
47.Kxd2 Kg4
48.Ke2 Kxg3
49.Ke3 Kg4
50.Kf2 Kxf4
51.Ke2 Ke4
52.Kf2 Kd4
53.Kf3 Kc4
54.Kf4 Kb4
55.Kxf5 Kxa4
56.Ke4 Kb3
{ resign }
0-1

[Event "Tourn. n9881"]
[Site "www.echecsemail.com"]
[Date "2018.07.24"]
[Round "1"]
[White "Falcoale"]
[Black "Claudia"]
[WhiteElo "1870"]
[BlackElo "1920"]
[Result "1-0"]
[Round "1"]
1.e4 e5
2.Ng1f3 Nb8c6
3.Bf1c4 Ng8f6
4.d3 h6
5.O-O Bf8c5
6.Bc1e3 Bc5xe3
7.fxe3 O-O
8.a3 d6
9.Nb1c3 Bc8e6
10.Nc3d5  { time }
1-0

[Event "Tourn. n9834"]
[Site "www.echecsemail.com"]
[Date "2018.07.24"]
[Round "1"]
[White "Wegaman"]
[Black "Tonino1"]
[WhiteElo "2040"]
[BlackElo "2170"]
[Result "0-1"]
[Round "1"]
1.d4 d6
2.c4 Ng8f6
3.Nb1c3 c6
4.e4 Qd8c7
5.Ng1f3 e5
6.d5 c5
7.Bc1g5 Bf8e7
8.Bf1e2 O-O
9.O-O a6
10.a4 Bc8d7
11.Rf1e1 h6
12.Bg5h4 Qc7d8
13.h3 g5
14.Bh4g3 Nf6h5
15.Bg3h2 Nh5f4
16.Be2f1 a5
17.Qd1c1 Nb8a6
18.Nc3e2 Nf4d3
19.Qc1c2 Na6b4
20.Qc2c3 f5
21.exf5 Nd3xe1
22.Nf3xe1 Bd7xf5
23.Ne2g3 Bf5g6
24.Ra1c1 Nb4a2
25.Qc3e3 Na2xc1
26.Qe3xc1 Be7f6
27.b3 b6
28.Bf1d3 Bg6xd3
29.Ne1xd3 Qd8d7
30.Qc1c2 Qd7f7
31.Ng3f5 Qf7g6
32.Nd3b2 Kh7
33.Nb2d1 Bf6e7
34.Nd1e3 Rf8f7
35.Nf5xe7 Qg6xc2
36.Ne3xc2 Rf7xe7
37.Nc2e3 Re7f7
38.Kf1 Ra8f8
39.f3 e4
40.Bh2xd6 Rf7d7
41.Bd6xf8 exf3
42.gxf3 Rd7f7
43.Bf8xc5 bxc5
44.Kf2 Rf7f4
45.Ne3g4 Rf4f5
46.Ke3 h5
47.Ng4f2 Kg6
48.Ke4 Kf6
49.Nf2d3 Kg6
50.Nd3xc5 Rf5f4
51.Ke3 Kf7
52.Nc5e6 Rf4f5
53.Ke4 Kf6
54.Ne6g7 Rf5f4
55.Ke3 Kxg7
56.d6 Kf7
57.c5 Ke6
{ resign }
0-1

[Event "Tourn. n9804"]
[Site "www.echecsemail.com"]
[Date "2018.07.24"]
[Round "1"]
[White "Aperturaf"]
[Black "Jaroslavpech"]
[WhiteElo "2740"]
[BlackElo "2460"]
[Result "0-1"]
[Round "1"]
1.e4 c5
2.Ng1f3 d6
3.d4 cxd4
4.Qd1xd4 Nb8c6
5.Bf1b5 Bc8d7
6.Bb5xc6 Bd7xc6
7.Nb1c3 Ng8f6
8.Bc1g5 e6
9.O-O-O Bf8e7
10.Qd4d3 Qd8a5
11.h4 h6
12.Bg5xf6 Be7xf6
13.Nf3d4 Ra8d8
14.f4 h5
15.Rd1d2 Qa5b6
16.g3 g6
17.Kb1 Qb6xd4
18.Qd3xd4 Bf6xd4
19.Rd2xd4 Ke7
20.Rh1e1 f6
21.Re1e3 Rh8g8
22.Nc3d5 Kf7
23.Nd5b4 g5
24.Nb4xc6 bxc6
25.Rd4a4 gxh4
26.Ra4xa7 Ke8
27.gxh4 Rg8g1
{ resign }
0-1

[Event "Tourn. n9869"]
[Site "www.echecsemail.com"]
[Date "2018.07.24"]
[Round "1"]
[White "Julian"]
[Black "Osopanda"]
[WhiteElo "1790"]
[BlackElo "1850"]
[Result "0-1"]
[Round "1"]
1.e4 e5
2.Ng1f3 Nb8c6
3.Bf1b5 d6
4.d4 exd4
5.Nf3xd4 Bc8d7
6.c4 Ng8f6
7.Nb1c3 Nc6xd4
8.Qd1xd4 Bf8e7
9.Bb5xd7 Qd8xd7
10.O-O O-O
11.Bc1g5 Qd7e6
12.Rf1e1 Ra8e8
13.f4 Nf6d7
14.Bg5xe7 Re8xe7
15.Ra1d1 Qe6g4
16.e5 dxe5
17.fxe5 { time. }
0-1

[Event "Tourn. n9875"]
[Site "www.echecsemail.com"]
[Date "2018.07.24"]
[Round "1"]
[White "Osopanda"]
[Black "Apdash"]
[WhiteElo "1850"]
[BlackElo "1810"]
[Result "0-1"]
[Round "1"]
1.e4 c5
2.Ng1f3 Nb8c6
3.c3 e5
4.d4 cxd4
5.cxd4 Bf8b4
6.Nb1c3 exd4
7.Nf3xd4 Qd8a5
8.Nd4xc6 Bb4xc3
9.Bc1d2 Bc3xd2
10.Qd1xd2 Qa5xd2
11.Kxd2 dxc6
12.Bf1c4 Bc8e6
13.Bc4xe6 fxe6
14.Rh1d1 O-O-O
15.Ke2 Ng8f6
16.f3 e5
17.Rd1xd8 Rh8xd8
{ resign }
0-1

[Event "Match"]
[Site "www.echecsemail.com"]
[Date "2018.07.24"]
[Round "1"]
[White "Storzman"]
[Black "Sonny1000"]
[WhiteElo "1960"]
[BlackElo "1530"]
[Result "1-0"]
[Round "1"]
1.Ng1f3 f6
2.d4 d5
3.e3 Ng8h6
4.Bf1d3 g6
5.b3 a5
6.a4 Nb8c6
7.O-O Nc6b4
8.Bd3e2 Bc8f5
9.Nb1a3 Nh6g4
10.h3 Ng4h2
11.Nf3xh2 h5
12.Rf1e1 b6
13.c3 Bf8h6
14.cxb4 axb4
15.Na3c2 Qd8d6
16.Be2xh5 Rh8g8
17.Bh5e2 b5
18.Be2xb5 c6
19.Bb5d3 Bf5xd3
20.Qd1xd3 f5
21.Bc1d2 c5
22.dxc5 Qd6xc5
23.Bd2xb4 Qc5c6
24.Nh2f3 Bh6g7
25.Ra1a2 Qc6d7
26.Nf3g5 Bg7e5
27.f4 Be5b8
28.Nc2d4 Ra8a6
29.Qd3xa6 Qd7a7
30.Qa6c8 
1-0

[Event "Match"]
[Site "www.echecsemail.com"]
[Date "2018.07.24"]
[Round "1"]
[White "Liencam2"]
[Black "Apdash"]
[WhiteElo "2340"]
[BlackElo "1810"]
[Result "0-1"]
[Round "1"]
1.e4 c5
2.Nb1c3 Nb8c6
3.Ng1f3 e6
4.d4 cxd4
5.Nf3xd4 Bf8c5
6.Bc1e3 Bc5xd4
7.Be3xd4 Ng8f6
8.Bd4c5 d5
9.Bf1d3 Qd8a5
10.Bc5d6 d4
11.b4 Nc6xb4
12.e5 Nb4xd3
13.Qd1xd3 Nf6d5
14.O-O Qa5xc3
15.Qd3b5 Qc3c6
16.Qb5d3 Bc8d7
17.Qd3xd4 Qc6xc2
18.f4 Nd5c3
19.Qd4b4 Bd7c6
20.Rf1f2 Qc2d3
21.Qb4a5 b6
22.Qa5b4 Nc3e4
23.Rf2f3 Qd3d5
24.f5 Ne4xd6
25.exd6 Qd5c5
26.Qb4xc5 bxc5
27.Rf3c3 Kd7
28.Ra1d1 Bc6d5
29.fxe6 fxe6
30.Rd1f1 Kxd6
{ resign }
0-1

[Event "Tourn. n9876"]
[Site "www.echecsemail.com"]
[Date "2018.07.24"]
[Round "1"]
[White "Fantomas"]
[Black "Tartan"]
[WhiteElo "2190"]
[BlackElo "2540"]
[Result "0-1"]
[Round "1"]
1.e4 c5
2.Ng1f3 e6
3.Nb1c3 d6
4.d4 cxd4
5.Nf3xd4 a6
6.Bc1e3 Ng8f6
7.Bf1d3 b5
8.O-O Bc8b7
9.a3 Nb8d7
10.f3 Bf8e7
11.Nd4b3 O-O
12.Qd1d2 Qd8c7
13.Qd2f2 Ra8c8
14.Bd3e2 d5
15.Be2d3 dxe4
16.fxe4 Nf6g4
17.Qf2f4 Be7g5
18.Qf4xg4 Bg5xe3
19.Kh1 Be3a7
20.Qg4f4 Qc7xf4
21.Rf1xf4 Nd7e5
22.Ra1d1 Rf8d8
23.Bd3e2 Rd8xd1
24.Be2xd1 Ne5c4
{ resign }
0-1

[Event "Match"]
[Site "www.echecsemail.com"]
[Date "2018.07.24"]
[Round "1"]
[White "Eeze"]
[Black "Alekpax"]
[WhiteElo "1840"]
[BlackElo "1859"]
[Result "0-1"]
[Round "1"]
1.e4 e5
2.Ng1f3 f5
3.d3 Nb8c6
4.c3 Bf8e7
5.b4 a6
6.exf5 d5
7.d4 e4
8.b5 axb5
9.Nf3e5 Nc6xe5
10.dxe5 Bc8xf5
11.Bf1xb5 c6
12.Bb5e2 Ng8h6
13.Bc1xh6 gxh6
14.f4 exf3
15.Be2xf3 Qd8b6
16.Nb1d2 O-O
17.Nd2b3 Qb6e3
18.Bf3e2 Qe3xc3
19.Nb3d2 Be7h4
20.g3 Bh4xg3
21.hxg3 Qc3xg3
22.Kf1 Bf5h3

0-1

[Event "1/128 Finale"]
[Site "www.chess-mail.com"]
[Date "2018.07.24"]
[Round "1"]
[White "Bevittsmith"]
[Black "Juheset"]
[WhiteElo "2150"]
[BlackElo "2020"]
[Result "1-0"]
[Round "1"]
1.e4 e6
2.d4 d5
3.e5 Bf8e7
4.Qd1g4 g6
5.Bf1d3 b6
6.Bc1e3 c5
7.c3 h5
8.Qg4f3 c4
9.Bd3c2 Nb8c6
10.Nb1d2 Ng8h6
11.Ng1h3 Nh6f5
12.Nh3f4 Nf5xe3
13.fxe3 Be7g5
14.Rh1f1 Bg5h6
15.Nf4xg6 Rh8h7
16.Ng6f4 Qd8g5
17.Bc2xh7 Bc8d7
18.Qf3xh5 { resign }
1-0

[Event "1/64 Finale"]
[Site "www.chess-mail.com"]
[Date "2018.07.24"]
[Round "1"]
[White "Bevittsmith"]
[Black "Vgrynyuk"]
[WhiteElo "2180"]
[BlackElo "2800"]
[Result "0-1"]
[Round "1"]
1.e4 e5
2.Ng1f3 Nb8c6
3.Bf1b5 a6
4.Bb5a4 Ng8f6
5.O-O Bf8e7
6.Rf1e1 b5
7.Ba4b3 d6
8.h3 O-O
9.c3 Nc6b8
10.d4 Nb8d7
11.Nb1d2 Bc8b7
12.Bb3c2 Rf8e8
13.Nd2f1 Be7f8
14.Nf1g3 g6
15.a4 c5
16.d5 c4
17.Bc1e3 Nd7c5
18.Nf3h2 Bf8g7
19.f4 exf4
20.Be3xf4 bxa4
21.Bc2xa4 Re8e7
22.Ba4c2 Qd8b6
23.Bf4e3 Bb7xd5
24.exd5 Re7xe3
25.Re1xe3 Nc5b3
26.Nh2f1 Nb3xa1
27.Qd1xa1 Bg7h6
{ resign }
0-1

[Event "Fast Game"]
[Site "www.echecsemail.com"]
[Date "2018.07.24"]
[Round "1"]
[White "Apdash"]
[Black "Hennie4820"]
[WhiteElo "1930"]
[BlackElo "1780"]
[Result "1-0"]
[Round "1"]
1.d4 d5
2.Ng1f3 Nb8c6
3.Bc1f4 Bc8f5
4.c3 e5
5.Nf3xe5 Nc6xe5
6.Bf4xe5 Ng8f6
7.e3 Bf8e7
8.Bf1d3 Bf5xd3
9.Qd1xd3 O-O
10.O-O c6
11.Nb1d2 Rf8e8
12.Ra1e1 Nf6g4
13.Be5g3 g6
14.f3 Ng4f6
15.e4 dxe4
16.fxe4 Nf6h5
17.Rf1f3 Nh5xg3
18.Rf3xg3 Be7h4
19.Re1e3 Bh4xg3
20.Re3xg3 Qd8e7
21.e5 Ra8d8
22.Qd3c4 Qe7e6
23.Qc4a4 a6
24.Nd2e4 Kg7
25.Rg3f3 Re8e7
26.Ne4f6 Re7c7
27.h4 h5
28.Qa4a5 Rd8c8
29.b4 Qe6c4
30.Qa5a3 b6
31.Nf6e4 Qc4e2
32.Ne4d6 Qe2e1
33.Rf3f1 Qe1e3
34.Kh2 Rc8a8
35.Qa3b3 Ra8f8
36.Rf1f3 Qe3e1
37.Qb3c4 Qe1xh4
38.Kg1 Qh4e1
{ time. }
1-0

[Event "Fast Game"]
[Site "www.echecsemail.com"]
[Date "2018.07.24"]
[Round "1"]
[White "Stevep84"]
[Black "Alekpax"]
[WhiteElo "2050"]
[BlackElo "2099"]
[Result "0-1"]
[Round "1"]
1.e4 e5
2.d4 exd4
3.c3 dxc3
4.Bf1c4 cxb2
5.Bc1xb2 Ng8f6
6.Ng1f3 Bf8b4
7.Nb1c3 Nf6xe4
8.O-O Bb4xc3
9.Qd1d5 O-O
10.Bb2xc3 Ne4xc3
11.Qd5d4 d5
12.Bc4d3 Nc3e4
13.Ra1d1 Ne4f6
14.Nf3g5 Qd8d6
15.Rf1e1 c5
16.Qd4h4 h6
17.Ng5f3 Nb8c6
18.h3 Ra8b8
19.g4 b5
20.g5 hxg5
21.Nf3xg5 g6
22.Bd3e4 Nc6d4
23.Be4b1 Nf6h5
24.Re1e3 Bc8f5
25.Kh1 Bf5xb1
26.Rd1xb1 Nd4f5
{ resign }
0-1

[Event "Match"]
[Site "www.echecsemail.com"]
[Date "2018.07.25"]
[Round "1"]
[White "Caspito"]
[Black "Guillaumefi"]
[WhiteElo "1920"]
[BlackElo "1780"]
[Result "0-1"]
[Round "1"]
1.e4 c5
2.Ng1f3 d6
3.Bf1c4 h6
4.O-O Nb8c6
5.d4 Bc8g4
6.h3 Bg4xf3
7.Qd1xf3 Ng8f6
8.Bc1f4 Nc6xd4
9.Qf3d3 e5
10.Bf4h2 Bf8e7
11.c3 Nd4c6
12.Nb1d2 a6
13.a3 O-O
14.Nd2f3 b5
15.Bc4d5 Nf6xd5
16.Qd3xd5 Qd8d7
17.b3 Rf8c8
18.Bh2xe5 Nc6xe5
19.Nf3xe5 Qd7e6
20.Qd5xe6 fxe6
21.Ne5g6 Rc8e8
22.f4 Be7f6
23.g4 Bf6xc3
24.Ra1d1 Bc3d4
25.Kg2 Kh7
26.f5 exf5
27.gxf5 Re8xe4
28.b4 Ra8e8
29.h4 Re4e2
30.Kf3 Re2e3
31.Kg4 Re3xa3
32.h5 Ra3a4
33.f6 Bd4xf6
34.Rd1xd6 Ra4xb4
35.Kf3 a5
36.Rd6d7 Rb4e4
37.Ng6f8 Kg8
38.Nf8g6 a4
39.Rd7c7 c4
40.Rf1b1 Re4e3
41.Kf2 c3
42.Rb1xb5 Re3e2
43.Kf1 c2
44.Rb5c5 a3
45.Rc5xc2 Re2xc2
46.Rc7xc2 Re8a8
47.Rc2a2 Kf7
48.Ke2 Ke6
49.Kd3 Kf5
50.Ke3 Ra8a4
51.Kf3 Kg5
52.Kg3 Kxh5
53.Ng6f4 Kg5
54.Nf4h3 Kf5
55.Kf3 g5
56.Nh3f2 g4
57.Kg3 h5
58.Nf2d3 h4
59.Kg2 Bf6e5
60.Kf2 h3
61.Nd3c5 Be5d4
{ resign }
0-1

[Event "Match"]
[Site "www.echecsemail.com"]
[Date "2018.07.25"]
[Round "1"]
[White "Fegatux"]
[Black "Gimmyg"]
[WhiteElo "2340"]
[BlackElo "2520"]
[Result "0-1"]
[Round "1"]
1.e4 e6
2.d4 b6
3.Ng1f3 Bc8b7
4.Bf1d3 c5
5.c3 Ng8f6
6.Bc1g5 h6
7.Bg5xf6 Qd8xf6
8.O-O cxd4
9.cxd4 Nb8c6
10.e5 Qf6f4
11.Nb1c3 Nc6xd4
12.Nf3xd4 Qf4xd4
 { time }
0-1

[Event "Match"]
[Site "www.echecsemail.com"]
[Date "2018.07.25"]
[Round "1"]
[White "Witpar"]
[Black "Gidgud"]
[WhiteElo "2680"]
[BlackElo "2129"]
[Result "1-0"]
[Round "1"]
1.d4 Ng8f6
2.c4 e6
3.Ng1f3 b6
4.g3 Bc8b7
5.Bf1g2 Bf8e7
6.Nb1c3 O-O
7.Qd1c2 d5
8.cxd5 exd5
9.O-O Nb8d7
10.Bc1f4 Ra8c8
11.Nc3b5 a6
12.Nb5a7 Rc8a8
13.Na7c6 Bb7xc6
14.Qc2xc6 Ra8a7
15.Nf3e5 Nd7b8
16.Qc6c2 Nf6h5
17.Qc2b3 Nh5xf4
18.gxf4 c6
19.Ra1c1 Be7f6
20.Ne5xc6 Nb8xc6
21.Rc1xc6 Bf6xd4
22.Rf1d1 Qd8d7
23.Qb3xd5 Qd7xd5
24.Bg2xd5 Bd4c5
25.Bd5c4 a5
26.Kf1 Ra7e7
27.e3 g6
28.h4 Kg7
29.h5 f6
30.hxg6 hxg6
31.Ke2 Rf8e8
32.Bc4b3 Re7e4
33.Rd1g1 f5
34.Rg1xg6 { resign }
1-0

[Event "Match"]
[Site "www.echecsemail.com"]
[Date "2018.07.25"]
[Round "1"]
[White "Darknight"]
[Black "Llord"]
[WhiteElo "1900"]
[BlackElo "1900"]
[Result "1-0"]
[Round "1"]
1.e4 e5
2.Bf1c4 Ng8f6
3.d3 Bf8c5
4.h3 O-O
5.Qd1e2 Nb8c6
6.c3 d6
7.Bc1g5 h6
8.Bg5h4 Nc6a5
9.g4 Bc8e6
10.b4 Bc5b6
11.bxa5 Bb6c5
12.g5 hxg5
13.Bh4xg5 Be6d7
14.a4 Bd7e6
15.Nb1d2 Be6xc4
16.dxc4 d5
17.cxd5 Bc5e7
18.Ng1f3 Nf6h7
19.h4 Be7xg5
20.hxg5 Nh7xg5
21.c4 Qd8f6
22.Nf3xg5 Qf6xg5
23.f3 Qg5g3
24.Kd1 f5
25.exf5 Rf8xf5
26.Kc2 e4
27.Qe2xe4 Qg3g6
28.Qe4e6 Qg6f7
29.Qe6xf7 Kxf7
30.Ra1g1 Ra8e8
31.Rh1h7 Re8e2
32.Kd1 Re2e3
33.Rg1xg7 Kf8
34.Rg7xc7 Kg8
35.d6 Re3d3
36.Rh7h3 Rd3xd6
37.Rc7xb7 Rf5g5
38.Rh3h2 Rg5g1
39.Kc2 a6
40.c5 Rd6c6
41.Nd2e4 Rg1f1
42.Rh2h3 Rf1g1
43.Rh3h7 Rg1g2
44.Kc3 { resign }
1-0